Стратегический менеджмент: конспект лекций

Dettagli Bibliografici
Autore principale: Шиканов Л. А. Леонид Александрович
Ente Autore: Томский институт бизнеса
Riassunto:Учебное пособие включаег в себя конспект лекций и практикум для самостоятельной проверки усвоения знаний, а также список рекомендуемой литературы. Пособие подготовлено доцентом кафедры менеджмента, кандидатом исторических наук Л.А. Шикановым. Оно предназначено для студентов экономического факультета НОУ ВПО «ТИБ» всех форм обучения по специальности «Менеджмент организации» и направлению «Экономика» Учебное пособие составлено исходя из требований государственного стандарта к дисциплине «Стратегический менеджмент», утвержденного Госкомитетом РФ по высшему образованию.
Lingua:russo
Pubblicazione: Томск, Star, 2008
Soggetti:
Natura: MixedMaterials Libro
KOHA link:https://koha.lib.tpu.ru/cgi-bin/koha/opac-detail.pl?biblionumber=183697

MARC

LEADER 00000nam0a2200000 4500
001 183697
005 20231101223759.0
035 |a (RuTPU)RU\TPU\book\199152 
090 |a 183697 
100 |a 20100819d2008 m y0rusy50 ca 
101 0 |a rus 
102 |a RU 
105 |a a j 001zy 
200 1 |a Стратегический менеджмент  |e конспект лекций  |f Л. А. Шиканов  |g Томский институт бизнеса 
210 |a Томск  |c Star  |d 2008 
215 |a 53 с.  |c ил. 
320 |a Библиогр.: с. 53. 
330 |a Учебное пособие включаег в себя конспект лекций и практикум для самостоятельной проверки усвоения знаний, а также список рекомендуемой литературы. Пособие подготовлено доцентом кафедры менеджмента, кандидатом исторических наук Л.А. Шикановым. Оно предназначено для студентов экономического факультета НОУ ВПО «ТИБ» всех форм обучения по специальности «Менеджмент организации» и направлению «Экономика» Учебное пособие составлено исходя из требований государственного стандарта к дисциплине «Стратегический менеджмент», утвержденного Госкомитетом РФ по высшему образованию. 
606 1 |a Стратегический менеджмент  |2 stltpush  |3 (RuTPU)RU\TPU\subj\66055  |9 82290 
610 1 |a экономика 
610 1 |a стратегическое планирование 
610 1 |a стратегическое управление 
610 1 |a корпоративная стратегия 
610 1 |a разработка 
610 1 |a конкурентоспособность 
610 1 |a предписывающие школы 
610 1 |a описательные школы 
610 1 |a лекции 
610 1 |a учебные пособия 
686 |a У9(2)212я73  |v LBC/SL-A  |2 rubbk 
700 1 |a Шиканов  |b Л. А.  |c историк, социолог  |c доцент Томского политехнического университета  |f 1951-  |g Леонид Александрович  |2 stltpush  |3 (RuTPU)RU\TPU\pers\28333 
712 0 2 |a Томский институт бизнеса  |2 stltpush  |3 (RuTPU)RU\TPU\col\11863  |9 25280 
801 1 |a RU  |b 63413507  |c 20100819 
801 2 |a RU  |b 63413507  |c 20150605  |g RCR 
942 |c BK